[Event "LSS SN-2023-0-01036"]
[Site "LSS email"]
[Date "2023.03.30"]
[Round "?"]
[White "Martin, Hector"]
[Black "Molina, Vicente Andres"]
[Result "1-0"]
[WhiteElo "875"]
[BlackElo "895"]
[PlyCount "49"]
[EventDate "2022.03.20"]
[EventType "tourn (corr)"]
[EventRounds "6"]
[EventCountry "GER"]
[SourceTitle "Corr 2024"]
[Source "ChessBase"]
[SourceDate "2023.10.19"]
[SourceVersion "1"]
[SourceVersionDate "2023.10.19"]
[SourceQuality "1"]

1. f4 d5 2. Nf3 c5 3. e3 Nc6 4. Bb5 a6 5. Bxc6+ bxc6 6. 0-0 Bg4 7. b3 e6 8. Ba3 Nf6 9. d4 Ne4 10. Qd3 Be7 11. Ne5 Bf5 12. Qe2 Qc7 13. c4 f6 14. Nd3 cxd4 15. exd4 Bxa3 16. Nxa3 0-0 17. b4 dxc4 18. Nxc4 Rad8 19. Qe3 Rd5 20. Rfd1 Rfd8 21. Nc5 Nxc5 22. bxc5 Rxc5 23. dxc5 Rd5 24. Rxd5 cxd5 25. Nd6 1-0

[Event "LSS SN-2023-0-01036"]
[Site "LSS email"]
[Date "2023.03.30"]
[Round "?"]
[White "Molina, Vicente Andres"]
[Black "Zmolil, Karel"]
[Result "0-1"]
[WhiteElo "895"]
[BlackElo "978"]
[PlyCount "68"]
[EventDate "2022.03.20"]
[EventType "tourn (corr)"]
[EventRounds "6"]
[EventCountry "GER"]
[SourceTitle "Corr 2024"]
[Source "ChessBase"]
[SourceDate "2023.10.19"]
[SourceVersion "1"]
[SourceVersionDate "2023.10.19"]
[SourceQuality "1"]

1. d4 d5 2. c4 e6 3. Nc3 Nf6 4. Bg5 Be7 5. e3 0-0 6. Nf3 c6 7. cxd5 exd5 8. Bd3 h6 9. Bh4 Be6 10. 0-0 Nbd7 11. a3 Re8 12. Qe2 Nf8 13. b4 a6 14. Rad1 N6d7 15. Bxe7 Qxe7 16. Rfe1 Qd6 17. e4 dxe4 18. Nxe4 Qc7 19. Nc5 Bb3 20. Qd2 Bxd1 21. Rxd1 Nxc5 22. dxc5 Rad8 23. Qc2 Qf4 24. h3 Ne6 25. Re1 Nd4 26. Rxe8+ Rxe8 27. Nxd4 Qxd4 28. Bh7+ Kh8 29. Bf5 Qf4 30. g3 Qf3 31. Bd3 Re1+ 32. Bf1 Qd1 33. Qxd1 Rxd1 34. Kg2 Ra1 0-1

[Event "OP-2023-0-05387"]
[Site "LSS email"]
[Date "2023.03.10"]
[Round "?"]
[White "Stelmes, Santana"]
[Black "Molina, Vicente Andres"]
[Result "1-0"]
[WhiteElo "1729"]
[BlackElo "851"]
[PlyCount "23"]
[EventDate "2023.03.04"]
[EventType "tourn (corr)"]
[EventRounds "4"]
[EventCountry "GER"]
[SourceTitle "Corr 2024"]
[Source "ChessBase"]
[SourceDate "2023.10.19"]
[SourceVersion "1"]
[SourceVersionDate "2023.10.19"]
[SourceQuality "1"]

1. e4 c5 2. Nf3 Nc6 3. Bb5 Nd4 4. Nxd4 cxd4 5. c3 a6 6. Ba4 b5 7. Bb3 Bb7 8. d3 e5 9. cxd4 Bb4+ 10. Nd2 exd4 11. Bxf7+ Kxf7 12. Qb3+ 1-0

[Event "OP-2023-0-05366"]
[Site "LSS email"]
[Date "2023.01.02"]
[Round "?"]
[White "Molina, Vicente Andres"]
[Black "Wiaderek, Piotr"]
[Result "0-1"]
[WhiteElo "816"]
[BlackElo "2036"]
[PlyCount "58"]
[EventDate "2022.12.26"]
[EventType "tourn (corr)"]
[EventRounds "4"]
[EventCountry "GER"]
[SourceTitle "Corr 2024"]
[Source "ChessBase"]
[SourceDate "2023.10.19"]
[SourceVersion "1"]
[SourceVersionDate "2023.10.19"]
[SourceQuality "1"]

1. d4 d5 2. c4 e6 3. Nc3 Nf6 4. Bg5 Be7 5. e3 h6 6. Bh4 0-0 7. cxd5 Nxd5 8. Bxe7 Qxe7 9. Bd3 c5 10. Nf3 Rd8 11. 0-0 Nxc3 12. bxc3 b6 13. Re1 Bb7 14. e4 cxd4 15. cxd4 Qa3 16. Qb3 Qxb3 17. axb3 Nc6 18. Rad1 Nxd4 19. Nxd4 Rxd4 20. e5 Rb4 21. Bc4 b5 22. Rd7 bxc4 23. bxc4 a5 24. h4 Bc6 25. Rc7 Rxc4 26. g3 h5 27. Ra1 a4 28. f4 Rc2 29. Ra3 Rb8 0-1

[Event "OP-2022-0-05364"]
[Site "LSS email"]
[Date "2022.12.25"]
[Round "?"]
[White "Cerne, Peter"]
[Black "Molina, Vicente Andres"]
[Result "1-0"]
[WhiteElo "1767"]
[BlackElo "817"]
[PlyCount "55"]
[EventDate "2022.12.15"]
[EventType "tourn (corr)"]
[EventRounds "4"]
[EventCountry "GER"]
[SourceTitle "Corr 2024"]
[Source "ChessBase"]
[SourceDate "2023.10.19"]
[SourceVersion "1"]
[SourceVersionDate "2023.10.19"]
[SourceQuality "1"]

1. e4 c5 2. Nf3 d6 3. d4 cxd4 4. Nxd4 Nf6 5. Nc3 a6 6. Be3 Nc6 7. f3 e5 8. Nb3 Be6 9. Qe2 b5 10. 0-0-0 Qc7 11. g4 Be7 12. Kb1 0-0 13. h4 Rfb8 14. h5 h6 15. g5 Ne8 16. gxh6 Nd4 17. Nxd4 exd4 18. Rxd4 Bf6 19. hxg7 Bxg7 20. Qg2 Kf8 21. h6 Bf6 22. h7 Ke7 23. Nd5+ Bxd5 24. exd5 Bxd4 25. Bxd4 Rc8 26. Qe2+ Kd8 27. Bf6+ Nxf6 28. h8Q+ 1-0

[Event "OP-2022-0-05364"]
[Site "LSS email"]
[Date "2022.12.25"]
[Round "?"]
[White "Trevis, Robert"]
[Black "Molina, Vicente Andres"]
[Result "0-1"]
[WhiteElo "255"]
[BlackElo "817"]
[PlyCount "30"]
[EventDate "2022.12.15"]
[EventType "tourn (corr)"]
[EventRounds "4"]
[EventCountry "GER"]
[SourceTitle "Corr 2024"]
[Source "ChessBase"]
[SourceDate "2023.10.19"]
[SourceVersion "1"]
[SourceVersionDate "2023.10.19"]
[SourceQuality "1"]

1. e4 c5 2. Nf3 Nc6 3. Nc3 e5 4. Bb5 d6 5. Nd5 Bd7 6. Nc3 Nf6 7. Nd5 Nxe4 8. Ng1 a6 9. Qe2 f5 10. Bxc6 bxc6 11. Qh5+ g6 12. Ne3 gxh5 13. Nc4 Qh4 14. Nb6 Qxf2+ 15. Kd1 Qf1# 0-1

[Event "OP-2022-0-05363"]
[Site "LSS email"]
[Date "2022.12.21"]
[Round "?"]
[White "Gonzalez Castells, Jose Maria"]
[Black "Molina, Vicente Andres"]
[Result "1-0"]
[WhiteElo "1459"]
[BlackElo "828"]
[PlyCount "47"]
[EventDate "2022.12.08"]
[EventType "tourn (corr)"]
[EventRounds "4"]
[EventCountry "GER"]
[SourceTitle "Corr 2024"]
[Source "ChessBase"]
[SourceDate "2023.10.19"]
[SourceVersion "1"]
[SourceVersionDate "2023.10.19"]
[SourceQuality "1"]

1. f3 e5 2. e4 Nf6 3. Nc3 d5 4. d3 d4 5. Nce2 c5 6. g3 Nc6 7. Bg2 Bd6 8. f4 Bg4 9. h3 Bxe2 10. Nxe2 h5 11. 0-0 Qe7 12. c3 Nd8 13. fxe5 Bxe5 14. cxd4 cxd4 15. Bf4 h4 16. Bxe5 Qxe5 17. Rf5 Qc7 18. Nf4 hxg3 19. e5 Qd7 20. exf6 Qxf5 21. fxg7 Rg8 22. Qa4+ Nc6 23. Bxc6+ bxc6 24. Qxc6+ 1-0

[Event "OP-2022-0-05362"]
[Site "LSS email"]
[Date "2022.12.20"]
[Round "?"]
[White "Zmolil, Karel"]
[Black "Molina, Vicente Andres"]
[Result "1-0"]
[WhiteElo "983"]
[BlackElo "828"]
[PlyCount "53"]
[EventDate "2022.12.02"]
[EventType "tourn (corr)"]
[EventRounds "4"]
[EventCountry "GER"]
[SourceTitle "Corr 2024"]
[Source "ChessBase"]
[SourceDate "2023.10.19"]
[SourceVersion "1"]
[SourceVersionDate "2023.10.19"]
[SourceQuality "1"]

1. e4 c6 2. d4 d5 3. exd5 cxd5 4. Bd3 Nc6 5. c3 e5 6. dxe5 Nxe5 7. Bb5+ Nc6 8. Be3 Nf6 9. h3 Bd6 10. Nf3 0-0 11. 0-0 Ne5 12. Nbd2 a6 13. Ba4 b5 14. Bc2 Nxf3+ 15. Nxf3 Be6 16. Nd4 Ne4 17. Qd3 g6 18. Ne2 Qf6 19. Bd4 Qg5 20. Be3 Bxh3 21. Bxg5 Bf5 22. Qd4 Bc5 23. Qd1 Nxg5 24. Bxf5 gxf5 25. Qxd5 Rac8 26. Qxf5 f6 27. Rad1 1-0

[Event "LSS RN-2022-0-01617"]
[Site "LSS email"]
[Date "2022.12.19"]
[Round "?"]
[White "Hughes, Chris"]
[Black "Molina, Vicente Andres"]
[Result "1-0"]
[WhiteElo "801"]
[BlackElo "814"]
[PlyCount "88"]
[EventDate "2022.06.10"]
[EventType "tourn (corr)"]
[EventRounds "6"]
[EventCountry "GER"]
[SourceTitle "Corr 2024"]
[Source "ChessBase"]
[SourceDate "2023.10.19"]
[SourceVersion "1"]
[SourceVersionDate "2023.10.19"]
[SourceQuality "1"]

1. d4 d5 2. c4 c6 3. Nf3 Nf6 4. Nc3 e6 5. e3 Nbd7 6. Bd3 Bd6 7. 0-0 0-0 8. e4 dxe4 9. Nxe4 Nxe4 10. Bxe4 e5 11. Bc2 exd4 12. Nxd4 Qh4 13. Nf3 Qf6 14. Bg5 Qe6 15. b3 Ne5 16. Re1 Nxf3+ 17. Qxf3 Qg4 18. Qxg4 Bxg4 19. h3 Be6 20. Rad1 Bb4 21. Re3 a5 22. Re5 Bc3 23. Re3 Bf6 24. Bxf6 gxf6 25. Rg3+ Kh8 26. Rd4 f5 27. Rh4 Rg8 28. Rxg8+ Rxg8 29. Rf4 b5 30. cxb5 cxb5 31. Bd3 a4 32. bxa4 bxa4 33. Rxa4 Rd8 34. Bc2 Rd2 35. Bb3 Rb2 36. Rb4 Kg7 37. g3 Kf6 38. Kg2 h5 39. h4 Ke5 40. Rb8 f4 41. Rb5+ Kd4 42. Rxh5 fxg3 43. Kxg3 Bxb3 44. axb3 Rxb3+ 1-0

[Event "OP-2022-0-05360"]
[Site "LSS email"]
[Date "2022.12.09"]
[Round "?"]
[White "Correa de Almeida, Claudio"]
[Black "Molina, Vicente Andres"]
[Result "1-0"]
[WhiteElo "1439"]
[BlackElo "830"]
[PlyCount "53"]
[EventDate "2022.11.24"]
[EventType "tourn (corr)"]
[EventRounds "4"]
[EventCountry "GER"]
[SourceTitle "Corr 2024"]
[Source "ChessBase"]
[SourceDate "2023.10.19"]
[SourceVersion "1"]
[SourceVersionDate "2023.10.19"]
[SourceQuality "1"]

1. Nf3 d5 2. g3 c6 3. Bg2 Bg4 4. 0-0 Nf6 5. d3 Nbd7 6. Nbd2 e5 7. c4 Bd6 8. h3 Be6 9. d4 e4 10. Ng5 0-0 11. Qb3 Qc7 12. c5 Be7 13. Nxe6 fxe6 14. Qc3 e5 15. Nb3 exd4 16. Nxd4 Bxc5 17. Ne6 Bxf2+ 18. Rxf2 Qb6 19. Be3 c5 20. Nxf8 d4 21. Nxd7 dxc3 22. Nxb6 axb6 23. bxc3 Ra3 24. Bg5 Rxc3 25. Bxf6 gxf6 26. Bxe4 Rxg3+ 27. Kh2 1-0

[Event "OP-2022-0-05360"]
[Site "LSS email"]
[Date "2022.12.09"]
[Round "?"]
[White "Molina, Vicente Andres"]
[Black "Cerne, Peter"]
[Result "0-1"]
[WhiteElo "830"]
[BlackElo "1753"]
[PlyCount "28"]
[EventDate "2022.11.24"]
[EventType "tourn (corr)"]
[EventRounds "4"]
[EventCountry "GER"]
[SourceTitle "Corr 2024"]
[Source "ChessBase"]
[SourceDate "2023.10.19"]
[SourceVersion "1"]
[SourceVersionDate "2023.10.19"]
[SourceQuality "1"]

1. d4 Nf6 2. c4 e6 3. Bg5 h6 4. Bh4 Bb4+ 5. Nc3 c5 6. e3 Qa5 7. Qc2 Ne4 8. Nge2 cxd4 9. exd4 d5 10. 0-0-0 Nxc3 11. bxc3 Ba3+ 12. Kd2 dxc4 13. Bg3 Bd7 14. Nf4 Ba4 0-1

[Event "LSS RN-2022-0-01617"]
[Site "LSS email"]
[Date "2022.12.02"]
[Round "?"]
[White "Molina, Vicente Andres"]
[Black "Ventura, Bob"]
[Result "1-0"]
[WhiteElo "814"]
[BlackElo "815"]
[PlyCount "36"]
[EventDate "2022.06.10"]
[EventType "tourn (corr)"]
[EventRounds "6"]
[EventCountry "GER"]
[SourceTitle "Corr 2024"]
[Source "ChessBase"]
[SourceDate "2023.10.19"]
[SourceVersion "1"]
[SourceVersionDate "2023.10.19"]
[SourceQuality "1"]

1. d4 d5 2. c4 Nc6 3. cxd5 Qxd5 4. Nf3 Bf5 5. Nc3 Qd8 6. e4 Bg6 7. Bd3 e6 8. 0-0 Bb4 9. Re1 Nf6 10. d5 Bxc3 11. bxc3 Ne7 12. dxe6 fxe6 13. Ne5 0-0 14. Nxg6 Nxg6 15. Bg5 Qd7 16. Bxf6 Rxf6 17. e5 Rf7 18. Bxg6 hxg6 1-0

[Event "OP-2022-0-05357"]
[Site "LSS email"]
[Date "2022.11.23"]
[Round "?"]
[White "Molina, Vicente Andres"]
[Black "Nunez Castillo, Apolinar"]
[Result "0-1"]
[WhiteElo "816"]
[BlackElo "800"]
[PlyCount "74"]
[EventDate "2022.11.16"]
[EventType "tourn (corr)"]
[EventRounds "4"]
[EventCountry "GER"]
[SourceTitle "Corr 2024"]
[Source "ChessBase"]
[SourceDate "2023.10.19"]
[SourceVersion "1"]
[SourceVersionDate "2023.10.19"]
[SourceQuality "1"]

1. e4 d6 2. d4 Nf6 3. Nf3 c6 4. Nc3 g6 5. Bd3 Bg7 6. h3 b5 7. e5 dxe5 8. dxe5 Nfd7 9. Bf4 0-0 10. 0-0 Nc5 11. Be2 Nba6 12. a3 Ne6 13. Ne4 Nxf4 14. Re1 Bf5 15. Ng3 Qxd1 16. Raxd1 Nxe2+ 17. Rxe2 Rad8 18. Rxd8 Rxd8 19. Nxf5 gxf5 20. g4 fxg4 21. hxg4 Nc5 22. Nh4 e6 23. f4 Rd4 24. Rf2 Rd1+ 25. Kg2 Ne4 26. Re2 Rd2 27. Rxd2 Nxd2 28. c3 Kf8 29. Nf3 Nxf3 30. Kxf3 Ke7 31. Ke4 Kd7 32. Kd4 Kc7 33. b3 Bf8 34. a4 Kb6 35. axb5 cxb5 36. Ke4 a5 37. f5 a4 0-1

[Event "LSS No Engine Cup 231 Preliminary 0"]
[Site "LSS email"]
[Date "2022.11.22"]
[Round "?"]
[White "Borkovec, Milan"]
[Black "Molina, Vicente Andres"]
[Result "1-0"]
[WhiteElo "2158"]
[BlackElo "1005"]
[PlyCount "83"]
[EventDate "2022.11.22"]
[EventType "tourn (corr)"]
[EventRounds "6"]
[EventCountry "GER"]
[SourceTitle "Corr 2024"]
[Source "ChessBase"]
[SourceDate "2023.10.19"]
[SourceVersion "1"]
[SourceVersionDate "2023.10.19"]
[SourceQuality "1"]

1. e4 c6 2. d4 d5 3. exd5 cxd5 4. Nf3 Nc6 5. Bb5 Bg4 6. c4 e6 7. Qa4 Rc8 8. Ne5 Nf6 9. Nxc6 bxc6 10. Bxc6+ Rxc6 11. Qxc6+ Qd7 12. Qxd7+ Kxd7 13. f3 Bf5 14. cxd5 Bxb1 15. dxe6+ fxe6 16. Rxb1 Bb4+ 17. Bd2 Bxd2+ 18. Kxd2 Nd5 19. Rhc1 h5 20. Rc5 g5 21. Ra5 g4 22. Rxa7+ Kd6 23. Re1 gxf3 24. gxf3 Nb4 25. a3 Nc6 26. Ra6 Kd5 27. Rxc6 Kxc6 28. Rxe6+ Kd5 29. Re4 h4 30. h3 Rb8 31. b4 Ra8 32. Re3 Kxd4 33. Rd3+ Kc4 34. Rc3+ Kd4 35. Kc2 Re8 36. Kb3 Rf8 37. Rc4+ Ke3 38. b5 Kxf3 39. b6 Kg3 40. Rc3+ Kg2 41. a4 Rb8 42. a5 1-0

[Event "LSS No Engine Cup 231 Preliminary 0"]
[Site "LSS email"]
[Date "2022.11.22"]
[Round "?"]
[White "Molina, Vicente Andres"]
[Black "Schleef, Harald"]
[Result "0-1"]
[WhiteElo "1005"]
[BlackElo "2310"]
[PlyCount "60"]
[EventDate "2022.11.22"]
[EventType "tourn (corr)"]
[EventRounds "6"]
[EventCountry "GER"]
[SourceTitle "Corr 2024"]
[Source "ChessBase"]
[SourceDate "2023.10.19"]
[SourceVersion "1"]
[SourceVersionDate "2023.10.19"]
[SourceQuality "1"]

1. e4 c5 2. Nf3 e6 3. c3 d5 4. exd5 exd5 5. d4 a6 6. Bd3 c4 7. Be2 Bd6 8. 0-0 Nc6 9. Re1 Nge7 10. Bg5 0-0 11. Nbd2 b5 12. Nf1 Be6 13. Ng3 h6 14. Bd2 Ng6 15. a4 b4 16. Ne5 Ncxe5 17. dxe5 Bxe5 18. Bf3 Rb8 19. Bh5 Qf6 20. Bf3 Rfd8 21. Nh5 Qh4 22. g3 Qe7 23. Bg4 d4 24. f4 dxc3 25. fxe5 Rxd2 26. Qf3 Bxg4 27. Qxg4 cxb2 28. Rab1 Qc5+ 29. Kh1 c3 30. Qe4 Qf2 0-1

[Event "OP-2022-0-05354"]
[Site "LSS email"]
[Date "2022.11.12"]
[Round "?"]
[White "Koehler, Hans Christian"]
[Black "Molina, Vicente Andres"]
[Result "1-0"]
[WhiteElo "1093"]
[BlackElo "801"]
[PlyCount "47"]
[EventDate "2022.11.11"]
[EventType "tourn (corr)"]
[EventRounds "4"]
[EventCountry "GER"]
[SourceTitle "Corr 2024"]
[Source "ChessBase"]
[SourceDate "2023.10.19"]
[SourceVersion "1"]
[SourceVersionDate "2023.10.19"]
[SourceQuality "1"]

1. e4 c5 2. Nf3 d6 3. d4 cxd4 4. Nxd4 Nf6 5. Nc3 a6 6. f3 e6 7. Be3 Be7 8. Qd2 0-0 9. 0-0-0 Qc7 10. Kb1 Nbd7 11. g4 b5 12. Nce2 Bb7 13. g5 Ne8 14. h4 Ne5 15. b3 d5 16. f4 Ng4 17. e5 Nxe3 18. Qxe3 Rc8 19. h5 Qb6 20. Bh3 Bc5 21. f5 Nc7 22. f6 g6 23. Bg4 a5 24. Qh3 1-0

[Event "OP-2022-0-05347"]
[Site "LSS email"]
[Date "2022.10.27"]
[Round "?"]
[White "Newton, Daryl"]
[Black "Molina, Vicente Andres"]
[Result "0-1"]
[WhiteElo "430"]
[BlackElo "805"]
[PlyCount "54"]
[EventDate "2022.10.23"]
[EventType "tourn (corr)"]
[EventRounds "4"]
[EventCountry "GER"]
[SourceTitle "Corr 2024"]
[Source "ChessBase"]
[SourceDate "2023.10.19"]
[SourceVersion "1"]
[SourceVersionDate "2023.10.19"]
[SourceQuality "1"]

1. e4 c6 2. Bc4 d5 3. Bd3 dxe4 4. Bxe4 Nf6 5. Bf3 e5 6. Qe2 Be6 7. Qxe5 Bd6 8. Qe3 0-0 9. d3 Re8 10. Nh3 Bxh3 11. Be4 Bxg2 12. Bxg2 Rxe3+ 13. Bxe3 Nbd7 14. Nc3 Ne5 15. 0-0-0 Nfg4 16. Rdf1 Nxe3 17. Rfg1 Nxg2 18. Rxg2 Nf3 19. h3 Bf4+ 20. Kb1 a5 21. Rg4 g5 22. Ne2 f5 23. Rg2 Qd6 24. h4 Re8 25. hxg5 Nd2+ 26. Ka1 Rxe2 27. Rh6 Re1# 0-1

[Event "LSS RN-2022-0-01616"]
[Site "LSS email"]
[Date "2022.10.14"]
[Round "?"]
[White "Molina, Vicente Andres"]
[Black "Brandt, Shari"]
[Result "0-1"]
[WhiteElo "831"]
[BlackElo "800"]
[PlyCount "56"]
[EventDate "2022.06.02"]
[EventType "tourn (corr)"]
[EventRounds "6"]
[EventCountry "GER"]
[SourceTitle "Corr 2024"]
[Source "ChessBase"]
[SourceDate "2023.10.19"]
[SourceVersion "1"]
[SourceVersionDate "2023.10.19"]
[SourceQuality "1"]

1. d4 d5 2. c4 e6 3. Nc3 c5 4. cxd5 exd5 5. Nf3 Nc6 6. Bg5 Be7 7. Bxe7 Ngxe7 8. e3 c4 9. e4 dxe4 10. Nxe4 Be6 11. Be2 Nf5 12. 0-0 0-0 13. Rc1 b5 14. Nc5 Nfxd4 15. Nxd4 Nxd4 16. Nxe6 fxe6 17. Bg4 e5 18. Re1 Qg5 19. h3 Rad8 20. Rc3 Qf4 21. Rf1 b4 22. g3 Qf7 23. Re3 Nf5 24. Bxf5 Rxd1 25. Rxd1 Qxf5 26. Rd2 Qxh3 27. Rxe5 Rxf2 28. Rxf2 Qxg3+ 0-1

[Event "OP-2022-0-05339"]
[Site "LSS email"]
[Date "2022.10.06"]
[Round "?"]
[White "Molina, Vicente Andres"]
[Black "PPV, IvN"]
[Result "1-0"]
[WhiteElo "816"]
[BlackElo "800"]
[PlyCount "33"]
[EventDate "2022.10.06"]
[EventType "tourn (corr)"]
[EventRounds "4"]
[EventCountry "GER"]
[SourceTitle "Corr 2024"]
[Source "ChessBase"]
[SourceDate "2023.10.19"]
[SourceVersion "1"]
[SourceVersionDate "2023.10.19"]
[SourceQuality "1"]

1. d4 c6 2. e4 d5 3. Nc3 dxe4 4. Nxe4 Nf6 5. Nxf6+ exf6 6. Bf4 Bd6 7. Bxd6 Qxd6 8. Nf3 Qb4+ 9. c3 Qxb2 10. Rc1 Qxa2 11. Bd3 Qe6+ 12. Qe2 Kd8 13. Qxe6 Bxe6 14. Ke2 Nd7 15. Rb1 Kc7 16. Rb2 b5 17. Ra1 1-0

[Event "LSS SN-2022-0-01035"]
[Site "LSS email"]
[Date "2022.09.18"]
[Round "?"]
[White "Brough, Carl"]
[Black "Molina, Vicente Andres"]
[Result "1-0"]
[WhiteElo "798"]
[BlackElo "862"]
[PlyCount "75"]
[EventDate "2021.11.04"]
[EventType "tourn (corr)"]
[EventRounds "6"]
[EventCountry "GER"]
[SourceTitle "Corr 2024"]
[Source "ChessBase"]
[SourceDate "2023.10.19"]
[SourceVersion "1"]
[SourceVersionDate "2023.10.19"]
[SourceQuality "1"]

1. d4 Nf6 2. c4 e6 3. a3 d5 4. Nc3 b6 5. Nf3 Bb7 6. Bg5 Be7 7. e3 Nbd7 8. Be2 0-0 9. 0-0 dxc4 10. Bxc4 Rc8 11. h3 c5 12. Ne5 Nxe5 13. dxe5 Nd5 14. Bxe7 Qxe7 15. Nb5 Bc6 16. Nd6 f6 17. Nxc8 Rxc8 18. e4 Nc7 19. f3 b5 20. Be2 fxe5 21. Qc2 c4 22. Rad1 Qc5+ 23. Kh1 a5 24. Rd2 Qe3 25. Rd6 Be8 26. Rd2 Qf4 27. Qd1 Bc6 28. Qe1 Rf8 29. Bd1 Rf6 30. g3 Qh6 31. Kh2 Ne8 32. Rd8 Kf7 33. Rf2 Ke7 34. Rdd2 g5 35. g4 Rf4 36. Bc2 Nf6 37. Qe3 Qh4 38. Qc5+ 1-0

[Event "LSS SN-2022-0-01035"]
[Site "LSS email"]
[Date "2022.09.18"]
[Round "?"]
[White "Shim Ng Min, Francis"]
[Black "Molina, Vicente Andres"]
[Result "1-0"]
[WhiteElo "993"]
[BlackElo "862"]
[PlyCount "35"]
[EventDate "2021.11.04"]
[EventType "tourn (corr)"]
[EventRounds "6"]
[EventCountry "GER"]
[SourceTitle "Corr 2024"]
[Source "ChessBase"]
[SourceDate "2023.10.19"]
[SourceVersion "1"]
[SourceVersionDate "2023.10.19"]
[SourceQuality "1"]

1. e4 Nf6 2. e5 Nd5 3. d4 d6 4. Nf3 Bg4 5. Be2 g6 6. 0-0 Bg7 7. h3 Bxf3 8. Bxf3 e6 9. c4 Ne7 10. exd6 Nec6 11. d5 Ne5 12. dxe6 Nxf3+ 13. Qxf3 Qxd6 14. Qxf7+ Kd8 15. Qxg7 Re8 16. Bg5+ Kc8 17. Nc3 Qxe6 18. Rfe1 1-0

[Event "OP-2022-0-05326"]
[Site "LSS email"]
[Date "2022.09.08"]
[Round "?"]
[White "Heiser, Jerome"]
[Black "Molina, Vicente Andres"]
[Result "1/2-1/2"]
[WhiteElo "665"]
[BlackElo "842"]
[PlyCount "59"]
[EventDate "2022.09.04"]
[EventType "tourn (corr)"]
[EventRounds "4"]
[EventCountry "GER"]
[SourceTitle "Corr 2024"]
[Source "ChessBase"]
[SourceDate "2023.10.19"]
[SourceVersion "1"]
[SourceVersionDate "2023.10.19"]
[SourceQuality "1"]

1. e4 e5 2. Nf3 Nc6 3. Nc3 Nf6 4. Bc4 Bb4 5. Nd5 Bc5 6. h3 0-0 7. d3 Na5 8. Nxf6+ Qxf6 9. 0-0 Nxc4 10. dxc4 d6 11. a3 Be6 12. Qe2 a5 13. Be3 b6 14. Bxc5 bxc5 15. b3 g5 16. Qe3 g4 17. hxg4 Bxg4 18. Nh2 Be6 19. f4 exf4 20. Qxf4 Qxf4 21. Rxf4 a4 22. Ng4 f5 23. e5 dxe5 24. Nxe5 axb3 25. cxb3 Rfb8 26. Nd3 Rxb3 27. Nxc5 Re3 28. Nxe6 Rxe6 29. Rxf5 Rea6 30. Rf3 1/2-1/2